000 00572nam a2200181 a 4500
001 000023420
005 20200930022215.0
008 101207s1983 cl r 000 0 spa d
040 _aDO-SdBNP
_bspa
_cBNPHU
082 _axxxxx
_bK167t
100 1 _aKant, Immanuel
_914886
245 1 0 _aTextos estéticos /
_cImmanuel Kant ; edición y traducción Pablo Oyarzun R.
260 _aSantiago, Chile :
_bAndres Bello,
_c1983.
300 _a363 p. ;
_c18 cm.
500 _aIncluye notas al pie de las páginas.
700 1 _aOyarzun R., Pablo,
_eed.
_etr.
_948259
049 _aBNGR
999 _c22917
_d22917